header

APPC 2000 (Record no. 14248)

MARC details
000 -LEADER
fixed length control field 01283nam a2200301Ia 4500
245 10 - TITLE STATEMENT
Title APPC 2000
260 ## - PUBLICATION, DISTRIBUTION, ETC. (IMPRINT)
Place of publication Singapore ;
-- New Jersey :
Name of publisher World Scientific,
Year of publication c2001.
300 ## - PHYSICAL DESCRIPTION
Number of Pages xxi, 748 p. :
Other physical details ill.
650 #0 - SUBJECT ADDED ENTRY--TOPICAL TERM
Topical Term Physics
Topical Term Physical sciences
700 1# - ADDED ENTRY--PERSONAL NAME
Personal name Yao, Yeong-Der.
856 40 - ELECTRONIC LOCATION AND ACCESS
Uniform Resource Identifier http://site.ebrary.com/lib/rucke/Doc?id=10255485

No items available.

© 2026 Rongo University
Contact us: librarian | system librarian | Rongo university